000
00328pab a2200145 454500
008
180718b1985 xxu||||| |||| 00| 0 eng d
100
_a
Desai, M.V.
245
_a
Bending media to ends of education
260
_c
1985
300
_a
21-3
362
_a
26 Oct.
650
_a
Mass Media
773
_a
Mainstream
909
_a
13293
999
_c
13293
_d
13293